Catalog

Record Details

Catalog Search



An Introduction to the Science of Missions  Cover Image Book Book

An Introduction to the Science of Missions / J.H. Bavinck ; Translated by David H. Freeman

Bavinck, J.H. (Author). Freeman, David H. (Added Author).

Record details

  • ISBN: 0-87552-124-X
  • Physical Description: 323 p.
  • Publisher: Phillipsburg, New Jersey Presbyterian and Reformed Publishing Company 1960

Available copies

  • 1 of 1 copy available at Common Catalog SPOK.

Holds

  • 0 current holds with 1 total copy.
Show Only Available Copies
Location Call Number / Copy Notes Barcode Shelving Location Status Due Date
ETS Library 266 424470013061 Volný výběr Available -

LDR 00764nam a2 00253
00140130
003CZ-PrJAB
00520140129000000.0
008140129s1960 xxu e |||| |eng
009us
020 . ‡a0-87552-124-X
035 . ‡a(CONS)4339
035 . ‡aKPS14059
040 . ‡aABG450
041 . ‡aeng
08214. ‡a266
100 . ‡77634 ‡aBavinck, J.H.
245 . ‡aAn Introduction to the Science of Missions / ‡cJ.H. Bavinck ; Translated by David H. Freeman
260 . ‡aPhillipsburg, New Jersey ‡bPresbyterian and Reformed Publishing Company ‡c1960
300 . ‡a323 p.
653 . ‡aAn Introduction to the Science of Missions
700 . ‡77635 ‡aFreeman, David H.
8524 . ‡bETS ‡bETS ‡cVolný výběr ‡j266 ‡gA ‡p424470013061
910 . ‡aABG450
999 . ‡a4339 ‡bAUTOGEN ‡c4339 ‡tbiblio
905 . ‡uadmin
901 . ‡a40130 ‡b ‡c40130 ‡tbiblio ‡sets

Additional Resources